[Event "Rilton Cup 44th"]
[Site "Stockholm"]
[Date "2015.01.05"]
[Round "9"]
[White "Lindbergh, Theodor"]
[Black "Rahul, Kumar Pune"]
[Result "1-0"]
[WhiteElo "2128"]
[BlackElo "2169"]
[PlyCount "93"]
[EventDate "2014.12.27"]
[EventType "swiss"]
[EventRounds "9"]
[EventCountry "SWE"]
[SourceTitle "CBM 164 Extra"]
[Source "ChessBase"]
[SourceDate "2015.03.02"]
[SourceVersion "1"]
[SourceVersionDate "2015.03.02"]
[SourceQuality "1"]

1. d4 Nf6 2. Nf3 e6 3. Bf4 c5 4. c3 Nc6 5. e3 Be7 6. h3 b6 7. Bd3 Bb7 8. Nbd2 cxd4 9. exd4 h6 10. Qe2 d5 11. 0-0 a6 12. Rfe1 b5 13. Ne5 Nxe5 14. Bxe5 0-0 15. Bc2 Ne8 16. Qd3 f5 17. Bh2 Bc8 18. Nf3 Rf6 19. Ne5 Bf8 20. a4 b4 21. a5 Bb7 22. Ba4 bxc3 23. bxc3 Rc8 24. Rab1 Rc7 25. Bxe8 Qxe8 26. Ng4 Rff7 27. Bxc7 Rxc7 28. Ne5 Qc8 29. Rb3 Bd6 30. Qd2 Qe8 31. Qb2 Qe7 32. Rb6 Bc8 33. Qd2 Bxe5 34. Rxe5 Qa3 35. Re3 Qxa5 36. Rb8 Rc6 37. Rg3 Kh7 38. Qf4 Qc7 39. Qxc7 Rxc7 40. f4 Rc6 41. Kf2 Kg8 42. Ra8 Kf8 43. Ra7 g5 44. fxg5 hxg5 45. Rxg5 e5 46. dxe5 Be6 47. Rg6 1-0

[Event "Rilton Cup 44th"]
[Site "Stockholm"]
[Date "2015.01.02"]
[Round "6"]
[White "Hammar, Bengt Erik"]
[Black "Lindbergh, Theodor"]
[Result "1-0"]
[WhiteElo "2211"]
[BlackElo "2128"]
[PlyCount "43"]
[EventDate "2014.12.27"]
[EventType "swiss"]
[EventRounds "9"]
[EventCountry "SWE"]
[SourceTitle "CBM 164 Extra"]
[Source "ChessBase"]
[SourceDate "2015.03.02"]
[SourceVersion "1"]
[SourceVersionDate "2015.03.02"]
[SourceQuality "1"]

1. e4 c5 2. Nf3 d6 3. d4 cxd4 4. Nxd4 Nf6 5. Nc3 a6 6. Bg5 e6 7. f4 h6 8. Bh4 Be7 9. Qf3 Nbd7 10. Bg3 Qc7 11. 0-0-0 b5 12. a3 Bb7 13. Bd3 Rc8 14. Qe2 Nb6 15. e5 dxe5 16. fxe5 Nfd5 17. Ne4 Nc4 18. Qg4 Bxa3 19. Bxc4 Bxb2+ 20. Kxb2 bxc4 21. Nd6+ Ke7 22. Rhf1 1-0

[Event "Rilton Cup 44th"]
[Site "Stockholm"]
[Date "2015.01.01"]
[Round "5"]
[White "Lindbergh, Theodor"]
[Black "Szente Varga, Fruzsina"]
[Result "0-1"]
[WhiteElo "2128"]
[BlackElo "2202"]
[PlyCount "112"]
[EventDate "2014.12.27"]
[EventType "swiss"]
[EventRounds "9"]
[EventCountry "SWE"]
[SourceTitle "CBM 164 Extra"]
[Source "ChessBase"]
[SourceDate "2015.03.02"]
[SourceVersion "1"]
[SourceVersionDate "2015.03.02"]
[SourceQuality "1"]

1. d4 Nf6 2. Nf3 g6 3. c4 Bg7 4. Nc3 0-0 5. g3 c6 6. Bg2 d5 7. b3 dxc4 8. bxc4 c5 9. e3 cxd4 10. exd4 Nc6 11. 0-0 Bg4 12. Be3 Ne8 13. Ne2 Nd6 14. Rc1 Nf5 15. d5 Bxf3 16. Bxf3 Ne5 17. Bg2 Nxe3 18. fxe3 Rc8 19. Qb3 Qb6 20. h3 Qa6 21. Rf4 Rc5 22. d6 Qxd6 23. Rd4 Qc7 24. Qxb7 Rc8 25. Nf4 e6 26. Nd3 Nxd3 27. Rxd3 Qxg3 28. Rf1 R5c7 29. Qf3 Qxf3 30. Rxf3 f5 31. Ra3 Bf8 32. Ra6 Rxc4 33. Rxe6 Ra4 34. Rf2 Rc1+ 35. Bf1 Kf7 36. Re5 Bd6 37. Rb5 Bc5 38. Rb3 f4 39. Kg2 g5 40. Rb7+ Ke6 41. Rxh7 Bxe3 42. Rb2 Ra3 43. Rh6+ Kd5 44. Be2 Bc5 45. Bf3+ Kc4 46. Rc6 Rac3 47. Be2+ Kd5 48. Bf3+ Rxf3 49. Rxc5+ Rxc5 50. Kxf3 Rc3+ 51. Kf2 Rxh3 52. Rb5+ Ke4 53. Rxg5 Rh2+ 54. Kg1 Rxa2 55. Rc5 a5 56. Rc4+ Kf3 0-1